000 00382 a2200169 4500
001 69117
020 _a8508097808
040 _cAnchieta - Itaigara
100 _aAzevedo, Ricardo
240 1 0 _aContos de bichos do mato
_lpor
245 1 0 _aContos de bichos do mato
300 _a104
362 0 _a2005
440 1 _aÁtica
650 4 _aLiteratura infanto-juvenil
942 _cBK
999 _c69117
_d69117